| 000 | 00422nam a22001097a 4500 | ||
|---|---|---|---|
| 999 |
_c6716 _d6716 |
||
| 008 | 200324b ||||| |||| 00| 0 eng d | ||
| 245 |
_a2002 Population and Housing Census Volume II: _bAge and Sex Distribution.- _cPresident's Office Planning and Privatization.- _hEnglish. |
||
| 260 |
_aDar Es Salaam: _bNational Bureau of Statistics, |
||
| 300 |
_axi, 352p; _bTables, _c30cm.- |
||
| 650 | _2POPULATION CENSUS | ||
| 942 |
_2ddc _cBOOKS |
||